Production functions foreign investment and growth
Uloženo v:
| Hlavní autor: | |
|---|---|
| Médium: | Kniha |
| Jazyk: | Undetermined |
| Vydáno: |
London
North-Holland Pub. Co
1969
|
| Témata: | |
| Tagy: |
Přidat tag
Žádné tagy, Buďte první, kdo otaguje tento záznam!
|
| Thư viện lưu trữ: | Trung tâm Học liệu Trường Đại học Cần Thơ |
|---|
| LEADER | 00558nam a2200193Ia 4500 | ||
|---|---|---|---|
| 001 | CTU_81854 | ||
| 008 | 210402s9999 xx 000 0 und d | ||
| 082 | |a 338.4 | ||
| 082 | |b K19 | ||
| 100 | |a Katz, Forge M. | ||
| 245 | 0 | |a Production functions foreign investment and growth | |
| 245 | 0 | |c Forge M. Katz | |
| 260 | |a London | ||
| 260 | |b North-Holland Pub. Co | ||
| 260 | |c 1969 | ||
| 650 | |a Industries,Production functions (economic theory) | ||
| 650 | |z Argentina | ||
| 904 | |i Trọng Hải | ||
| 980 | |a Trung tâm Học liệu Trường Đại học Cần Thơ | ||